000 01083cas a2200349 a 4500
001 17003279
003 TZ-ArACH
005 20230918120158.0
008 110901c20119999mnuar 0 a0eng c
010 _a 2011245125
020 _a9781733282635
035 _a(OCoLC)ocn748721505
037 _bWest, 610 Opperman Drive, Eagan, MN 55123
040 _aCKX
_beng
_cTZ-ArACH
042 _apcc
_ansdp
043 _an-us---
050 0 0 _aKF9646
_b.R54 2019
100 _aRiggs, Kelly Patrick
222 0 _aIneffective assistance of counsel
_b(2011)
245 0 0 _aIneffective assistance of counsel :
_bovercoming the inevitable
_cKelly Patrick Riggs
260 _aNorth Dighton, MA :
_bFreebird Publishers,
_c2019.
300 _axvi. ; 354 pg
_c26 cm.
310 _aAnnual
362 1 _aBegan with 2011 ed.
500 _aIncludes index.
580 _aContinues a loose-leaf publication with the same title.
650 0 _aRight to counsel
_zUnited States.
650 7 _aRight to counsel.
_2fast
651 7 _aUnited States.
_2fast
942 _2lcc
_cBOOK
999 _c7217
_d7217